Greek Gods by Emoji - Statistics

General Stats
  • This quiz has been taken 841 times
  • The average score is 9 of 12
Answer Stats
Hint Answer % Correct
πŸ”±πŸ΄ 🌊 🌧️ Poseidon
96%
βš‘οΈπŸ¦… πŸŒ…βš–οΈ Zeus
91%
πŸ¦šπŸ‘°β€β™€οΈπŸ€°πŸ‘Έ Hera
88%
πŸΉβ˜€οΈπŸŽΆπŸ‘¦ Apollo
82%
πŸ¦‰πŸ«’πŸ›‘οΈπŸ—‘οΈ Athena
82%
πŸšπŸ•ŠοΈπŸŒΉπŸͺž Aphrodite
81%
πŸŽ­πŸ‡πŸŽ‰πŸΎ Dionysus
76%
πŸ›‘οΈπŸ—‘οΈπŸͺ–πŸ• Ares
75%
πŸΉπŸŒ™πŸ¦ŒπŸ‘§ Artemis
73%
🐒🩴πŸͺ½πŸͺ– Hermes
69%
🌾 πŸ•―οΈπŸ‘©β€πŸŒΎ 🌸 Demeter
68%
βš’οΈπŸ”₯🦾🩼 Hephaestus
66%
No matching quizzes found
Score Distribution
Percent of People with Each Score
Percentile by Number Answered
Your Score History
You have not taken this quiz